| 000 | 00631caa a22001812a 4500 | ||
|---|---|---|---|
| 001 | 005342 | ||
| 003 | AR-FADEU | ||
| 008 | 311216n########xxu####################dd | ||
| 092 |
_a415.2 _bI82 |
||
| 100 | _aGoodluck, Helen | ||
| 245 | _aAdjunct islands and acquisition | ||
| 300 | _aPP. 181-194 | ||
| 500 | _aEn: island constraints theory, acquisition and processing /ed. Helen Goodluck. Dordrecht : Kluwer, 1992 | ||
| 700 | _aMichele, Foley | ||
| 546 | _aInglés | ||
| 942 | _cBDGR | ||
| 773 | 0 |
_011158 _99960 _a _b _dDordrecht _o02998 _tISLAND constraints : theory, acquisition and processing _w( AR-FADEU) 005336 _x _z0-7923-1689-4 |
|
| 999 |
_c11164 _d11164 |
||